| 000 | 00444 a2200145 4500 | ||
|---|---|---|---|
| 005 | 20250609121014.0 | ||
| 020 | _a0-321-04308-1 | ||
| 082 | _aLECT 658.15 GIT | ||
| 100 | _aGITMAN, L. | ||
| 245 | _aPrinciple of managerial finance | ||
| 250 | _a9th Ed. | ||
| 260 |
_aNew York, _bAddison-Wesley, _c2000. |
||
| 300 |
_axxxviii, 916p.: ill.; chart, figure, graph, picture, table. _bBibliography references and Index, _c26cm. |
||
| 942 |
_2ddc _cBKS |
||
| 999 |
_c3500 _d3500 |
||